Human Resource Planning (Record no. 3476)
[ view plain ]
| 000 -LEADER | |
|---|---|
| fixed length control field | 00339nam a2200145Ia 4500 |
| 008 - FIXED-LENGTH DATA ELEMENTS--GENERAL INFORMATION | |
| fixed length control field | 191201s2006 xx 000 0 und d |
| 082 ## - DEWEY DECIMAL CLASSIFICATION NUMBER | |
| Classification number | 658.301 |
| Item number | BHH |
| 100 ## - MAIN ENTRY--PERSONAL NAME | |
| Personal name | BHATTACHARYYA, Dipak |
| 245 #0 - TITLE STATEMENT | |
| Title | Human Resource Planning |
| 250 ## - EDITION STATEMENT | |
| Edition statement | 2nd |
| 260 ## - PUBLICATION, DISTRIBUTION, ETC. (IMPRINT) | |
| Place of publication, distribution, etc | N.Delhi |
| Name of publisher, distributor, etc | Excel Books |
| Date of publication, distribution, etc | 2006 |
| 300 ## - PHYSICAL DESCRIPTION | |
| Extent | 441 |
| 650 ## - SUBJECT ADDED ENTRY--TOPICAL TERM | |
| Topical term or geographic name as entry element | MBA |
| 942 ## - ADDED ENTRY ELEMENTS (KOHA) | |
| Source of classification or shelving scheme | Dewey Decimal Classification |
| Koha item type | Text Books |
| Withdrawn status | Lost status | Source of classification or shelving scheme | Damaged status | Not for loan | Collection code | Home library | Current library | Date acquired | Source of acquisition | Cost, normal purchase price | Bill Number | Total Checkouts | Full call number | Acc. no. / Barcode | Date last seen | Bill Date | Koha item type |
|---|---|---|---|---|---|---|---|---|---|---|---|---|---|---|---|---|---|
| Dewey Decimal Classification | MBA | PIET C-LIBRARY | PIET C-LIBRARY | 03/10/2008 | J B C, New Delhi | 295.00 | S1-2180 | 658.301 BHH | 9131 | 04/12/2019 | 01/08/2008 | Text Books | |||||
| Dewey Decimal Classification | MBA | PIET C-LIBRARY | PIET C-LIBRARY | 03/10/2008 | J B C, New Delhi | 295.00 | S1-2180 | 658.301 BHH | 9132 | 04/12/2019 | 01/08/2008 | Text Books | |||||
| Dewey Decimal Classification | MBA | PIET C-LIBRARY | PIET C-LIBRARY | 03/10/2008 | J B C, New Delhi | 295.00 | S1-2180 | 658.301 BHH | 9133 | 04/12/2019 | 01/08/2008 | Text Books | |||||
| Dewey Decimal Classification | MBA | PIET C-LIBRARY | PIET C-LIBRARY | 03/10/2008 | J B C, New Delhi | 295.00 | S1-2180 | 658.301 BHH | 9134 | 04/12/2019 | 01/08/2008 | Text Books |